• 首页
  • 本馆介绍
  • 公告通知
  • 最新文献
  • 馆藏检索
  • 电子资源
  • 读者导购
  • 参考咨询
  • 我的图书馆
  • 登录
  • 详细信息显示
  • 放入我的书架
  • 预约/预借图书
  • 作者相关作品
  • 分类相关作品
  • 丛书相关作品
  • 出版社相关作品

书目信息

  • 表格格式
  • 工作单格式
  • 卡片格式
题名:
实用精细化工辞典
    
 
作者: 安家驹 , 王伯英 编
分册:  
出版信息: 北京   中国轻工业出版社  1988.3
页数: 1160页
开本: 20cm
丛书名:
单 册:
中图分类: TQ-61
科图分类:
主题词: 化学工业--词典
电子资源:
ISBN: 7-5019-0278-X
000 00660nam0 2200229 45
001 0188014919
005 20051214093432.07
010    @a7-5019-0278-X@b精装@dCNY27.00
020    @aCN@b88014919
100    @a19910417d1988 m y0chiy0120 ea
101 0  @achi
102    @aCN@b110000
105    @ay e 000yy
200 10 @a实用精细化工辞典@Ashi yong jing xi hua gong ci dian@f安家驹,王伯英编@Fan jia ju , wang bo ying bian
210    @a北京@c中国轻工业出版社@d1988.3
215    @a1160页@d20cm
606    @a化学工业@x词典
690    @aTQ-61@v1980
701  0 @a安家驹@4编
701  0 @a王伯英@4编
801  0 @aCN@bNLC@c20051214
905    @f1@b251251@dTQ-61@e16
    
    实用精细化工辞典/安家驹,王伯英编.-北京:中国轻工业出版社,1988.3
    1160页;20cm
    
    
    ISBN 7-5019-0278-X(精装):CNY27.00
    
●
相关链接 在E读中查询图书 在五车中查询图书 在当当中查询图书 在豆瓣中查询图书


正题名:实用精细化工辞典     索取号:TQ-61/16         预约/预借

序号 登录号 条形码 馆藏地/架位号 状态 备注
1 0251250   202164665   密集书库/ [索取号:TQ-61/16] 在馆    
2 0251251   000560654   工具书阅览室/ [索取号:TQ-61/16] 在馆    
3 0251252   001646188   第二样本阅览室/ [索取号:TQ-61/16] 在馆    
唐山师范学院图书馆 欢迎您!
大连网信软件有限公司© 版权所有